000
00270nam a2200121Ia 4500
008
190216s9999||||xx |||||||||||||| ||und||
100
_a
Akkitham
245
0
_a
Anaswarante Ganam
260
_b
Current Books
300
_a
69p
650
_a
Malayalam Kavitha
942
_c
BK
999
_c
23631
_d
23631